Špecifické hľadania prepravných trás bakalárska práca

Salvato in:
Dettagli Bibliografici
Autore principale: Kukliš, Filip
Ente Autore: Fakulta hospodárskej informatiky EU. Katedra operačného výskumu a ekonometrie
Altri autori: Gežík, Pavel, 1983-
Natura: Libro
Lingua:slovacco
Pubblicazione: Bratislava 2018
Tags: Aggiungi Tag
Nessun Tag, puoi essere il primo ad aggiungerne!!

MARC

LEADER 00000nbm a2200000 4500
001 0247371
005 20180914144949.7
041 0 |a slo 
044 |a SK 
245 1 0 |a Špecifické hľadania prepravných trás  |b bakalárska práca  |c Filip Kukliš ; školiteľ: Pavel Gežík 
264 1 |a Bratislava  |c 2018 
300 |a 35 s. 
100 1 |a Kukliš, Filip 
700 1 |a Gežík, Pavel, 1983- 
710 2 |a Fakulta hospodárskej informatiky EU. Katedra operačného výskumu a ekonometrie